| 000 | 00372 a2200133 4500 | ||
|---|---|---|---|
| 005 | 20250602103700.0 | ||
| 020 | _a9976-78-012-5 | ||
| 082 | _aLECT 657.48 KIL | ||
| 100 | _aKILLAGANE Y. S. M | ||
| 245 | _aFinancial accounting for professional students. | ||
| 260 |
_aDar es Salaam, _bNBAA, _c2000. |
||
| 300 |
_axiii, 352p.: ill.; figure, table. _c29cm. |
||
| 942 |
_2ddc _cBKS |
||
| 999 |
_c2995 _d2995 |
||